Development communication : applied to journalism and mass communication, extension education and communication, rural development and management studies (Record no. 148525)

MARC details
000 -LEADER
fixed length control field 00886nam a2200253Ia 4500
008 - FIXED-LENGTH DATA ELEMENTS--GENERAL INFORMATION
fixed length control field 191130s2009##################000#0#eng##
020 ## - INTERNATIONAL STANDARD BOOK NUMBER
ISBN 9788181892690
082 ## - DEWEY DECIMAL CLASSIFICATION NUMBER
Classification number 302.23 DUB
245 ## - TITLE STATEMENT
Title Development communication : applied to journalism and mass communication, extension education and communication, rural development and management studies
Statement of responsibility, etc editors V.K. Dubey, K.N. Pandey, Rajshekhar Pandey
260 ## - PUBLICATION, DISTRIBUTION, ETC. (IMPRINT)
Place of publication Lucknow
Name of publisher International book distributing co
Year of publication 2009
300 ## - PHYSICAL DESCRIPTION
Number of Pages 830 p. : ill. ; 25 cm
500 ## - GENERAL NOTE
General note Includes index
650 ## - SUBJECT ADDED ENTRY--TOPICAL TERM
Topical Term Communication
Topical Term Communication in economic development
Topical Term Communication in management
Topical Term India
700 ## - ADDED ENTRY--PERSONAL NAME
Personal name Dubey, V. K
Personal name Pandey, K. N
Personal name Pandey, Rajshekhar
991 ## -
-- 222611
Holdings
Withdrawn status Lost status Damaged status Not for loan Home library Current library Shelving location Date acquired Full call number Accession Number Price effective from Koha item type
        Anna Centenary Library Anna Centenary Library 3RD FLOOR, B WING 12.10.2020 302.23 DUB 328174 12.10.2020 English Books

Find us on the map